|
|
|
|
| LEADER |
00777nam a2200217 a 4500 |
| 001 |
11971616 |
| 008 |
090531s2000 dcua b 000 0 eng d |
| 010 |
|
|
|a \\\00039906
|
| 020 |
|
|
|a 0821345656
|
| 040 |
|
|
|a DLC
|c DLC
|d DLC
|
| 082 |
0 |
0 |
|a 338.95
|2 21
|
| 245 |
0 |
0 |
|a East Asia :
|b recovery and beyond /
|c World Bank.
|
| 260 |
|
|
|a Washington, DC :
|b World Bank,
|c 2000.
|
| 300 |
|
|
|a viii, 158 p. :
|b col. ill. ;
|c 28 cm.
|
| 504 |
|
|
|a Includes bibliographical references.
|
| 541 |
1 |
|
|e 00008272
|
| 650 |
|
0 |
|a Finance
|z East Asia.
|
| 710 |
2 |
|
|a World Bank.
|
| 852 |
4 |
|
|a Ayesha Abed Library
|j General shelf
|
| 999 |
|
|
|c 1198
|d 1198
|
| 952 |
|
|
|0 0
|1 0
|2 ddc
|4 0
|6 338_950000000000000_EAS_2000
|7 0
|9 1084
|a BRACUL
|b BRACUL
|c GEN
|d 2009-06-24
|l 1
|m 30
|o 338.95 EAS
|p 3010008272
|r 2024-12-15
|s 2024-03-02
|t 1
|w 2009-06-24
|y BK
|